000 00632cam a22002293a 4500
001 31302
003 PGUSA
005 20140828083658.0
008 100217s2010||||xxu|||||s|||||000 | eng d
040 _aPGUSA
_beng
042 _adc
050 4 _aHT
100 1 _aAriel,
_d1799-1883
245 1 4 _aThe Negro :
_bWhat is His Ethnological Status? 2nd Ed.
_h[electronic resource] /
_cAriel
260 _bProject Gutenberg,
_c2010
506 _aPublic domain in the USA.
516 _aElectronic text
653 _aBlack race
830 0 _aProject Gutenberg
_v31302
856 4 0 _uhttp://www.gutenberg.org/ebooks/31302
942 _cEB
999 _c260557
_d260557